| 000 | 00657nam a2200217 a 4500 | ||
|---|---|---|---|
| 005 | 20220821180400.0 | ||
| 008 | 131202s2009 mx r 000 0 spa d | ||
| 020 | _a9788497543750 | ||
| 035 | _aUPN01000194390 | ||
| 049 | _aCG | ||
| 050 | 4 |
_aPR6011 L4.3 _bA4.2 |
|
| 100 | 1 |
_aFlegg, Aubrey _934872 |
|
| 245 | 1 | 0 |
_aAlas sobre Delft : _bLibro I : la trilogía de Louise / _cAubrey Flegg ; tr. Antonio Francisco Rodríguez. |
| 260 |
_aBarcelona : _bOniro, _cc2009. |
||
| 300 | _a203 p. | ||
| 440 | 3 | _aLa lámpara mágica | |
| 534 |
_pTítulo original: _tWings over Delft |
||
| 650 | 0 |
_aLiteratura irlandesa _95067 |
|
| 905 | _aLibro | ||
| 999 |
_c166491 _d166491 |
||